Holiday Words in Book Titles Quiz Stats

 Plays Quiz Updated Dec 4, 2017

Challenge
Share
Tweet
Embed
Score 0/30 Timer 07:00
2 Plays Today
% Correct
Christmas
94.3%
Dragon
93.3%
Carol
92.9%
Lights
91.7%
Present
90%
Merry
89.1%
Witches
88.7%
Dance
88.2%
Thanks
87%
Cider
86.7%
Tree
84.2%
Joy
82.7%
Friends
82.1%
Remembrance
80.9%
Bell
80.8%
% Correct
Gift
76.3%
Haunting
75.8%
Feast
75.5%
Bonfire
74.3%
Family
72.7%
Vampire
71.4%
Chocolate
70%
Zombies
68%
Masque
65.6%
Wine
64.7%
Bunny
61.5%
Pageant
56.7%
Flower
56.4%
Snowman
55.4%
Music
50.8%

You're not logged in!

Compare scores with friends on all Sporcle quizzes.
Join for Free
OR
Log In

You Might Also Like...

Show Comments

Extras

Top Quizzes Today


Score Distribution

Your Account Isn't Verified!

In order to create a playlist on Sporcle, you need to verify the email address you used during registration. Go to your Sporcle Settings to finish the process.

Report this User

Report this user for behavior that violates our Community Guidelines.

Details: